000 00344nam a22001457a 4500
005 20260127155222.0
008 230501b |||||||| |||| 00| 0 eng d
100 _aJ. N. Pandey
245 _aConstitutional Law of India
250 _a44th Ed.
260 _aAllahabad
_bCLA Pub
_c2007
300 _a766
546 _aEnglish
942 _2ddc
_cBK
999 _c19933
_d19933